skbl

Dr Suryya Kumar Bhuyan Library Web-OPAC
ডঃ সূৰ্য্য
কুমাৰ ভূঞা পুথিভঁৰাল ৱেব-অ'পেক

All Research Scholars are advised to clear the annual library fees to continue using Library Resources, Remote Access, Plagiarism Test and Library Clearance.

Cotton University Book Fair 2026

Vayam Rakshamah / (Record no. 5242)

MARC details
000 -LEADER
fixed length control field 00785nam a2200313Ia 4500
001 - CONTROL NUMBER
control field 5255
005 - DATE AND TIME OF LATEST TRANSACTION
control field 20240113233824.0
007 - PHYSICAL DESCRIPTION FIXED FIELD--GENERAL INFORMATION
fixed length control field ta
008 - FIXED-LENGTH DATA ELEMENTS--GENERAL INFORMATION
fixed length control field 050617s1971 a g b000 u hin u
020 ## - INTERNATIONAL STANDARD BOOK NUMBER
Terms of availability Rs 15.00 (HB)
040 ## - CATALOGING SOURCE
Original cataloging agency Cotton College Assam
041 ## - LANGUAGE CODE
Language code of text/sound track or separate title hin
082 ## - DEWEY DECIMAL CLASSIFICATION NUMBER
Classification number 891.433
Item number C 392 B
100 ## - MAIN ENTRY--PERSONAL NAME
Personal name Chatursen, Acharya.
245 #0 - TITLE STATEMENT
Title Vayam Rakshamah /
Statement of responsibility, etc. Acharya Chatursen.
Medium Textual Documents
250 ## - EDITION STATEMENT
Edition statement 3rd ed /
260 ## - PUBLICATION, DISTRIBUTION, ETC.
Place of publication, distribution, etc. Delhi :
Name of publisher, distributor, etc. Rajpal & Sons ,
Date of publication, distribution, etc. 1971.
300 ## - PHYSICAL DESCRIPTION
Extent 528p. :
Other physical details ill. ;
Dimensions 18cm. .
365 ## - TRADE PRICE
Price type code Rs 15.00
653 ## - INDEX TERM--UNCONTROLLED
Uncontrolled term Hindi novel
653 ## - INDEX TERM--UNCONTROLLED
Uncontrolled term Hindi fiction
653 ## - INDEX TERM--UNCONTROLLED
Uncontrolled term Gen-Hindi
653 ## - INDEX TERM--UNCONTROLLED
Uncontrolled term T/G-Hindi
942 ## - ADDED ENTRY ELEMENTS (KOHA)
Source of classification or shelving scheme Dewey Decimal Classification
Koha item type Books
Holdings
Withdrawn status Lost status Damaged status Not for loan Collection Home library Current library Date acquired Coded location qualifier Cost, normal purchase price Total checkouts Full call number Barcode Date last seen Copy number Price effective from Koha item type
          Dr. Suryya Kumar Bhuyan Library Dr. Suryya Kumar Bhuyan Library 01/02/2012 00000 15.00   891.433 C 392 B 87555 13/01/2024 2 01/02/2012 Books
          Dr. Suryya Kumar Bhuyan Library Dr. Suryya Kumar Bhuyan Library 01/02/2012 00000 15.00   891.433 C 392 B 3546/New 13/01/2024 3 01/02/2012 Books
          Dr. Suryya Kumar Bhuyan Library Dr. Suryya Kumar Bhuyan Library 01/02/2012 00000 15.00   891.433 C 392 B 66290 13/01/2024 1 01/02/2012 Books

Designed and Maintained by Team SKBL
©1901-2026

Powered by Koha